عبد الرحمن الكواكبى : (Record no. 24959)
[ view plain ]
| 000 -الفاتح | |
|---|---|
| حقل البيانات ثابتة الطول | 00766nac a22001811u 4500 |
| 008 - عناصر البيانات ثابتة الطول - معلومات عامة | |
| حقل البيانات ثابتة الطول | 081014s2007 xxu||||| |||| 00| 0 ara d |
| 020 ## - الرقم الدولى المعيارى للكتب | |
| الرقم الدولى المعيارى للكتاب | 9770920177 |
| 082 ## - رقم تصنيف ديوى العشرى | |
| رقم التصنيف | 922.11795691 |
| رقم المادة | ك و ا |
| 245 ## - بيان العنوان | |
| العنوان | عبد الرحمن الكواكبى : |
| بقية العنوان | الأعمال الكاملة / |
| بيان المسئوليه,etc | دراسة وتحقيق محمد عمارة |
| 250 ## - بيان الطبعة | |
| بقية بيان الطبعة | طبعة مزيدة فى الدراسة والنصوص |
| 260 ## - PUBLICATION, DISTRIBUTION, ETC. (IMPRINT) | |
| مكان الناشر او الموزع | القاهرة : |
| اسم الناشر او الموزع | دار الشروق ،2007 |
| تاريخ النشر أو التوزيع | 2007. |
| 300 ## - الوصف المادى | |
| التعداد | 610 ص ؛ |
| أبعاد الوعاء | 24 سم. |
| 511 ## - | |
| -- | Catalogued by: Sara |
| 600 ## - المدخل الاضافى بالموضوع-اسم شخصى | |
| 9 (RLIN) | 618 |
| الإسم الشخصى | الكواكبي ، عبد الرحمن |
| التواريخ المصاحبة للاسم | 1854-1902 |
| 650 ## - المدخل الاضافى بالموضوع-مصطلح موضوعى | |
| 9 (RLIN) | 21614 |
| مصطلح موضوعي أو اسم جغرافي كعنصر مدخل | المصلحون السوريون |
| 700 ## - المدخل الاضافى - اسم شخصى | |
| الإسم الشخصى | عمارة ، محمد |
| 9 (RLIN) | 8044 |
| الدور | دراسة وتحقيق |
| 942 ## - عناصر المدخل الإضافي( كوها) | |
| Koha [default] item type | Book - Borrowing |
| سابقة رقم الطلب | 922.11795691 ك و ا |
| مصدر التصنيف او مخطط الترفيف | Dewey Decimal Classification |
| حالة التراجع | حالة الفقد | مصدر التصنيف او خطة الترفيف | حالة تلف | ليس للاعارة | مجموعات كوها | المكان الدائم | المكان الحالي | موقع الترفيف | تاريخ الاكتساب | Source of acquisition | سعر الشراء الطبيعي | تعداد مسلسل / التسلسل الزمني | رقم الاستدعاء | الباركود | Date last seen | مُعار | التكلفة | نوع الوعاء |
|---|---|---|---|---|---|---|---|---|---|---|---|---|---|---|---|---|---|---|
| Dewey Decimal Classification | Central Library | Central Library | Second Floor | 22/06/2017 | Purchase | 90.00 | 2502 | 320.9561 ك و ا | 000034267 | 06/11/2025 | 22/02/2025 | 113.00 | Book - Borrowing |